00465cam a22001217a 4500008004000000082002100040100005700061245009300118260004300211300000900254500003800263700004200301180718b1966 xxu||||| |||| 00| 0 eng d aH103x54 In2/1964 aIndia. Joint Committee on the Judges (Inquiry) Bill) aThe Judges (Inquiry) Bill, 1964: Report of the Joint Committeecby Lok Sabha Secretariat aNew DelhibLok Sabha Secretariatc1966 a30p. aChairman: S.V. Krishnamoorthy Rao aKrishnamuoorthy Rao, S.V. ( Chairman)